00625nam a2200193Ia 4500008004100000082001500041100001300056245002400069250000800093260003100101300001000132500002400142650001600166700001700182942000700199952010400206952010400310999001700414230524s9999 xx 000 0 und d a681.4bGHA aA.Ghatak 0aOptical Electronics a1ST aNEW DELHIbCambridgec2004 aX;621 aQuantity Number: 2 aElectronics a Thyagarajan cBK 00104070aTATCLbTATCLcGENd2023-05-24l0o681.4 GHAp8691r2023-05-24w2023-05-24yBKzPEEC4302 00104070aTATCLbTATCLcGENd2023-05-24l0o681.4 GHAp8692r2023-05-24w2023-05-24yBKzPEEC4302 c30569d30569